Alle 3. Liga Fußball Meister - Statistiken

Allgemein
  • Dieses Quiz wurde 265 mal gespielt
    16 seit der letzten Aktualisierung
  • Das Durchschnittsergebnis liegt bei 14 aus 18
Antwortstatistiken
Saison Verein % Korrekt
2009/10 VfL Osnabrück
100%
2018/19 VfL Osnabrück
100%
2025/26 VfL Osnabrück
100%
2014/15 Arminia Bielefeld
94%
2024/25 Arminia Bielefeld
94%
2013/14 1. FC Heidenheim
81%
2015/16 Dynamo Dresden
81%
2020/21 Dynamo Dresden
81%
2017/18 1. FC Magdeburg
75%
2021/22 1. FC Magdeburg
75%
2008/09 1. FC Union Berlin
75%
2012/13 Karlsruher SC
75%
2010/11 Eintracht Braunschweig
69%
2016/17 MSV Duisburg
69%
2023/24 SSV Ulm 1846
69%
2022/23 SV Elversberg
69%
2011/12 SV Sandhausen
56%
2019/20 FC Bayern München II
50%
Keine übereinstimmenden Quizze gefunden
Verteilung der Resultate
Anzahl Personen mit jedem Resultat
Perzentil nach korrekt beantworteten Fragen
Ihre Resultats-Entwicklung
Sie haben dieses Quiz seit der letzten Aktualisierung nicht gespielt